000
00306nam a22001337a 4500
008
260223b ||||| |||| 00| 0 eng d
020
_a
9951050360
041
_a
Shqip
080
_a
2.1
100
_a
20.1
101
_a
Letrare
245
_a
E shkuara e Një Iluzioni
_c
François Furet
942
_2
lcc
_c
BK
999
_c
60846
_d
60846